QCM sur Clermont-Ferrand - Statistiques

Statistiques générales
  • Ce quiz a été pris 129 fois
  • Le résultat moyen est 13 sur 15
Statistiques - réponses
Question Réponse % Correct
Comment appelle-t-on les habitants de Clermont-Ferrand ? Les Clermontois
100%
Quel type de produit a fait la renommée de Michelin ? Les pneus
100%
Quel célèbre industriel est originaire de Clermont-Ferrand ? André Michelin
97%
De quelle pierre est construite la cathédrale Notre-Dame-de-l’Assomption ? Basalte (pierre de Volvic)
97%
Quel volcan emblématique domine la ville ? Puy de Dôme
96%
Quel est le club de rugby emblématique de la ville ? ASM
93%
Quel peuple gaulois occupait le territoire de Clermont-Ferrand à l’époque antique ? Les Arvernes
93%
Qui est Vercingétorix ? Un chef gaulois arverne
92%
Quelle place centrale accueille la statue de Vercingétorix ? Place de Jaude
89%
Quel célèbre festival international a lieu chaque année à Clermont-Ferrand ? Festival international du court métrage
87%
Clermont-Ferrand est située au pied de quelle chaîne de volcans ? La Chaîne des Puys
85%
Clermont-Ferrand se situe dans quelle plaine ? Limagne
79%
Quelle spécialité culinaire est typique de la région clermontoise ? Truffade
75%
Comment s’appelait Clermont-Ferrand à l’époque romaine ? Augustonemetum
51%
En quelle année Clermont et Montferrand ont-ils fusionné ? 1731
26%
Aucun quiz correspondant
Distribution des résultats
% des personnes avec chaque résultat
Percentile par nombre de réponses
Votre historique - résultats
Vous n’avez pas pris ce quiz